Postacie z gry doors - Statystyki

Ogólne statystyki
  • Ten quiz został rozwiązany 9 razy
  • Średni wynik to 12 z 14
Statystyki odpowiedzi
Hint Odpowiedź % Poprawnych
Podobny do rusha ale przelatuje przez pokoje od 2 do 6 razy Ambush
100%
Pojawia się za nieprawdziwymi drzwiami Dupe
100%
Lewitujące oczy zabierają HP gdy na nie patrzysz Eyes
100%
Gdy światła mrugają musisz schować się do szafy Rush
100%
Czarna postać z jednym okiem musisz przed nią uciec Seek
100%
Spotkasz go w pokojach 50 i 100 jest niewidomy Figure
89%
Pojawia się w długim niebieskim korytarzu Halt
89%
Nie pozwala siedzieć zbyt długo w szafie Hide
89%
Gdy zostajesz w tyle od swojej grupy w poprzednich pokojach to pojawia się Glitch
78%
Może się pojawić w szafie lub za drzwiami Jack
78%
Pojawia się w ciemnych pokojach wydaj dźwięk psst Screech
78%
Bardzo rzadki cień Shadow
78%
Zobaczysz go w oknach podczas burzy w dużych oknach window
67%
Mały pająk który wyskakuje z szuflad Timotchy
22%
Nie znaleziono quizów pasujących do podanych kryteriów
Rozkład punktacji
Procent ludzi z każdym wynikiem
Percentyl według liczby udzielonych odpowiedzi
Twoja historia wyników
Nie rozwiązałeś tego quizu